Địa lí 10 nâng cao
Gardado en:
| Formato: | Libro |
|---|---|
| Idioma: | Undetermined |
| Publicado: |
Hà Nội
Giáo Dục
2006
|
| Những chủ đề: | |
| Các nhãn: |
Engadir etiqueta
Sen Etiquetas, Sexa o primeiro en etiquetar este rexistro!
|
| Thư viện lưu trữ: | Trung tâm Học liệu Trường Đại học Cần Thơ |
|---|
| LEADER | 00562nam a2200193Ia 4500 | ||
|---|---|---|---|
| 001 | CTU_106767 | ||
| 008 | 210402s9999 xx 000 0 und d | ||
| 020 | |c 12000 | ||
| 082 | |a 910.712 | ||
| 082 | |b Đ301/L10 | ||
| 245 | 0 | |a Địa lí 10 nâng cao | |
| 245 | 0 | |c Lê Thông ... [et al.] | |
| 260 | |a Hà Nội | ||
| 260 | |b Giáo Dục | ||
| 260 | |c 2006 | ||
| 650 | |a Geography | ||
| 650 | |x Study and teaching | ||
| 904 | |i Tuyến (Tuyến sửa số pl 910.0712 thành 910.712) | ||
| 980 | |a Trung tâm Học liệu Trường Đại học Cần Thơ | ||